00609 2200229 4500001002100000005001700021008004100038020002200079035002400101041000800125043001200133082001200145090002300157100002000180100001800200245007500218250001100293504001600304650002600320850001200346999002100358YOGYA-0511000000051520110509090125.0 ind  a978-602-978-519-7 0010-051100000000515 aInd aYOPDYOG a629.133 aDep 629.133bCah M aYulianto, Diaon aCAHYO, Agus N aMisteri keberadaan alien dan UfocAgus N Cahyo ; editor, Dion Yulianto aCet .1 ahlm.211-212 aPesawat ruang angkasa aYOPDYOG aCB-D.11 2011-109